00249nam a2200109Ia 4500008004100000100001500041245002300056260002400079650001200103942000700115999001700122190216s9999||||xx |||||||||||||| ||und|| aAchuthan M 0aKavithayum Kalavum bNational Book Stall aPadanam cBK c24328d24328